Purchasing and supply chain management / (Record no. 8650)
[ view plain ]
| 000 -LEADER | |
|---|---|
| fixed length control field | 01050cam a22002774a 4500 |
| 001 - CONTROL NUMBER | |
| control field | 12373657 |
| 005 - DATE AND TIME OF LATEST TRANSACTION | |
| control field | 20260202150734.0 |
| 008 - FIXED-LENGTH DATA ELEMENTS--GENERAL INFORMATION | |
| fixed length control field | 010409s2002 ohua b 001 0 eng |
| 020 ## - INTERNATIONAL STANDARD BOOK NUMBER | |
| International Standard Book Number | 0324023154 |
| 020 ## - INTERNATIONAL STANDARD BOOK NUMBER | |
| International Standard Book Number | 9780324023152 |
| 050 00 - LIBRARY OF CONGRESS CALL NUMBER | |
| Classification number | HF5437 |
| Item number | .M648 2002 |
| 082 00 - DEWEY DECIMAL CLASSIFICATION NUMBER | |
| Classification number | 658.7/2 |
| Edition information | 21 |
| 100 1# - MAIN ENTRY--PERSONAL NAME | |
| Personal name | Monczka, Robert M. |
| 245 10 - TITLE STATEMENT | |
| Title | Purchasing and supply chain management / |
| Statement of responsibility, etc. | Robert Monczka, Robert Trent, Robert Handfield. |
| 250 ## - EDITION STATEMENT | |
| Edition statement | 2nd ed. |
| 260 ## - PUBLICATION, DISTRIBUTION, ETC. | |
| Place of publication, distribution, etc. | Cincinnati, Ohio : |
| Name of publisher, distributor, etc. | South-Western College Pub., |
| Date of publication, distribution, etc. | c2002. |
| 300 ## - PHYSICAL DESCRIPTION | |
| Extent | xxiii, 760 p. : |
| Other physical details | ill. ; |
| Dimensions | 24 cm. |
| 650 #0 - SUBJECT ADDED ENTRY--TOPICAL TERM | |
| Topical term or geographic name entry element | Purchasing. |
| 650 #0 - SUBJECT ADDED ENTRY--TOPICAL TERM | |
| Topical term or geographic name entry element | Industrial management. |
| 700 1# - ADDED ENTRY--PERSONAL NAME | |
| Personal name | Trent, Robert J. |
| 700 1# - ADDED ENTRY--PERSONAL NAME | |
| Personal name | Handfield, Robert B. |
| 856 42 - ELECTRONIC LOCATION AND ACCESS | |
| Materials specified | Contributor biographical information |
| Uniform Resource Identifier | <a href="http://www.loc.gov/catdir/enhancements/fy1514/2001031350-b.html">http://www.loc.gov/catdir/enhancements/fy1514/2001031350-b.html</a> |
| 856 42 - ELECTRONIC LOCATION AND ACCESS | |
| Materials specified | Publisher description |
| Uniform Resource Identifier | <a href="http://www.loc.gov/catdir/enhancements/fy1514/2001031350-d.html">http://www.loc.gov/catdir/enhancements/fy1514/2001031350-d.html</a> |
| 856 41 - ELECTRONIC LOCATION AND ACCESS | |
| Materials specified | Table of contents only |
| Uniform Resource Identifier | <a href="http://www.loc.gov/catdir/enhancements/fy1514/2001031350-t.html">http://www.loc.gov/catdir/enhancements/fy1514/2001031350-t.html</a> |
| 942 ## - ADDED ENTRY ELEMENTS (KOHA) | |
| Source of classification or shelving scheme | Library of Congress Classification |
| Koha item type | Books |
| Suppress in OPAC | No |
| 999 ## - | |
| -- | 8650 |
| -- | 8650 |
| Withdrawn status | Lost status | Source of classification or shelving scheme | Damaged status | Not for loan | Collection | Home library | Current library | Shelving location | Date acquired | Total checkouts | Full call number | Barcode | Date last seen | Copy number | Price effective from | Koha item type | Public note |
|---|---|---|---|---|---|---|---|---|---|---|---|---|---|---|---|---|---|
| Library of Congress Classification | Non-fiction | Graduate Library (Christ Temple) | Graduate Library (Christ Temple) | General stacks | 02/02/2026 | HF 5437 MON | GSCT00002159 | 02/02/2026 | 1 | 02/02/2026 | Books | EAQ | |||||
| Library of Congress Classification | Non-fiction | Graduate Library (Christ Temple) | Graduate Library (Christ Temple) | General stacks | 02/02/2026 | HF 5437 MON | GSCT00002160 | 02/02/2026 | 2 | 02/02/2026 | Books | EAQ |